MARC

LEADER 00000nam1a2200000 4500
001 244575
005 20231101232047.0
010 |a 5020168556 
020 |a RU  |b 90-40030 
035 |a (RuTPU)RU\TPU\book\265963 
090 |a 244575 
100 |a 20131024d1990 k a0rusy5003 ca 
101 0 |a rus 
200 1 |a История Замбии в новое и новейшее время  |f Академия наук СССР (АН СССР), Институт Африки (ИАф) ; под ред. Л. А. Демкиной, Ю. В. Луконина 
210 |a Москва  |c Наука  |d 1990 
215 |a 295 с.  |c [4] л. ил.  |d 22 см 
225 1 |a История стран Африки 
300 |a Рез.: англ. 
320 |a Библиогр.: с. 271-280 (378 назв.) 
320 |a Указатель географических и этнических названий: с. 282-285. 
320 |a Указатель имен: с. 286-288. 
606 1 |a Африка  |x История  |2 stltpush  |3 (RuTPU)RU\TPU\subj\69178  |9 84145 
610 1 |a Замбия 
610 1 |a население 
610 1 |a колониальный режим 
610 1 |a эксплуатация 
610 1 |a национально-освободительное движение 
610 1 |a независимость 
610 1 |a политическое развитие 
610 1 |a международные отношения 
610 1 |a культура 
686 |a Т3(6Зам)  |2 rubbk 
702 1 |a Демкина  |b Л. А.  |4 340 
702 1 |a Луконин  |b Ю. В.  |4 340 
712 0 2 |a Академия наук СССР (АН СССР)  |b Институт Африки (ИАф)  |c (Москва)  |2 stltpush  |3 (RuTPU)RU\TPU\col\11573 
801 0 |a RU  |b RuMRKP  |c 19960705  |g psbo 
801 1 |a RU  |b 63413507  |c 20131024 
801 2 |a RU  |b 63413507  |c 20131024  |g RCR 
942 |c BK